Normal view
MARC view
Entry Geographic Name
001 - CONTROL NUMBER
- control field: 21746
003 - CONTROL NUMBER IDENTIFIER
- control field: ARRUPE
005 - DATE AND TIME OF LATEST TRANSACTION
- control field: 20160122144846.0
008 - FIXED-LENGTH DATA ELEMENTS
- fixed length control field: 160122|| aca||aabn | a|a d
040 ## - CATALOGING SOURCE
- Original cataloging agency: ARRUPE
- Transcribing agency: ARRUPE
151 ## - HEADING--GEOGRAPHIC NAME
- Geographic name: Witwatersrand (South Africa)
670 ## - SOURCE DATA FOUND
- Source citation: Work cat.: (ARRUPE)0: Letcher, Owen. 21740, The gold mines of Southern Africa;, 1936.